<?xml version='1.0' encoding='UTF-8'?><?xml-stylesheet href='static/style.xsl' type='text/xsl'?><OAI-PMH xmlns="http://www.openarchives.org/OAI/2.0/" xmlns:xsi="http://www.w3.org/2001/XMLSchema-instance" xsi:schemaLocation="http://www.openarchives.org/OAI/2.0/ http://www.openarchives.org/OAI/2.0/OAI-PMH.xsd"><responseDate>2026-05-01T08:30:14Z</responseDate><request verb="GetRecord" identifier="oai:ebiltegia.mondragon.edu:20.500.11984/3994" metadataPrefix="marc">https://ebiltegia.mondragon.edu/oai/request</request><GetRecord><record><header><identifier>oai:ebiltegia.mondragon.edu:20.500.11984/3994</identifier><datestamp>2024-01-04T21:56:52Z</datestamp><setSpec>com_20.500.11984_1736</setSpec><setSpec>com_20.500.11984_1627</setSpec><setSpec>col_20.500.11984_1972</setSpec></header><metadata><record xmlns="http://www.loc.gov/MARC21/slim" xmlns:dcterms="http://purl.org/dc/terms/" xmlns:xsi="http://www.w3.org/2001/XMLSchema-instance" xmlns:doc="http://www.lyncode.com/xoai" xsi:schemaLocation="http://www.loc.gov/MARC21/slim http://www.loc.gov/standards/marcxml/schema/MARC21slim.xsd">
   <leader>00925njm 22002777a 4500</leader>
   <datafield ind2=" " ind1=" " tag="042">
      <subfield code="a">dc</subfield>
   </datafield>
   <datafield ind2=" " ind1=" " tag="720">
      <subfield code="a">Mondragon Unibertsitatea</subfield>
      <subfield code="e">author</subfield>
   </datafield>
   <datafield ind2=" " ind1=" " tag="260">
      <subfield code="c">2014-09-11</subfield>
   </datafield>
   <datafield ind2=" " ind1=" " tag="520">
      <subfield code="a">Iker Legarda, Produktu eta Zerbitzuen Diseinu Estrategikoko Masterreko ikaslea, Elektrolux Design Lab 2014 nazioarteko txapelketaren finalaurretan dago. Bere proposamenak, elikagaiak modu eraginkorrean gorde, kudeatu eta kontserbatzen dituen kapsula batek, 1700 kontzepturen artean nabarmentzea lortu du eta bi aukeraketa fase pasa ondoren lehen 35en artean dago orain.</subfield>
   </datafield>
   <datafield ind2=" " ind1=" " tag="520">
      <subfield code="a">El estudiante del Máster en Diseño Estratégico de Productos y Servicios Iker Legarda, es semifinalista en el concurso internacional de diseño Electrolux Design Lab 2014. Su propuesta, una cápsula para almacenar, gestionar y conservar alimentos de forma efectiva y eficiente, ha logrado abrirse camino entre los 1700 conceptos presentados al inicio del concurso y se encuentra actualmente entre los 35 semifinalistas.</subfield>
   </datafield>
   <datafield ind1="8" ind2=" " tag="024">
      <subfield code="a">https://hdl.handle.net/20.500.11984/3994</subfield>
   </datafield>
   <datafield tag="653" ind2=" " ind1=" ">
      <subfield code="a">Goi Eskola Politeknikoa</subfield>
   </datafield>
   <datafield tag="653" ind2=" " ind1=" ">
      <subfield code="a">Escuela Politécnica Superior</subfield>
   </datafield>
   <datafield ind2="0" ind1="0" tag="245">
      <subfield code="a">‘Izotz’ Electrolux Design Lab 2014 txapelketaren finalaurretan</subfield>
   </datafield>
   <datafield ind2="0" ind1="0" tag="245">
      <subfield code="a">‘Izotz’ a las puertas de la final del concurso internacional Electrolux Design Lab 2014</subfield>
   </datafield>
</record></metadata></record></GetRecord></OAI-PMH>